| 000 | 00759cam a22002414a 4500 | ||
|---|---|---|---|
| 001 | 12309893 | ||
| 005 | 20180221051604.0 | ||
| 008 | 010214s2002 maua b 001 0 eng | ||
| 010 | _a 2001030302 | ||
| 020 | _a025621476X (alk. paper) | ||
| 040 |
_aDLC _cDLC _dDLC |
||
| 041 | _aeng | ||
| 042 | _apcc | ||
| 080 | _a658.827 TUN | ||
| 082 | 0 | 0 |
_a658.827 TUN _221 |
| 100 | 1 | _a54 | |
| 101 | _aMAN | ||
| 245 | 1 | 0 |
_aIMC : _cTom Duncan. |
| 504 | _aIncludes bibliographical references and index. | ||
| 906 |
_a7 _bcbc _corignew _d1 _eocip _f20 _gy-gencatlg |
||
| 942 |
_2ddc _cBK |
||
| 999 |
_c43036 _d43036 |
||